[Event "Titled Tuesday intern op 09th Jan Early"]
[Site "Chess.com INT"]
[Date "2024.01.09"]
[Round "1"]
[White "Wieczorek, Zbigniew"]
[Black "Antal, Gergely"]
[Result "0-1"]
[WhiteElo "2107"]
[BlackElo "2585"]
[PlyCount "88"]
[EventDate "2024.01.09"]
[EventType "swiss (blitz)"]
[EventRounds "11"]
[EventCountry "USA"]
[SourceTitle "CB03_2024"]
[SourceDate "2024.01.17"]
[SourceVersion "1"]
[SourceVersionDate "2024.01.17"]
[SourceQuality "1"]

1. Nf3 f5 2. d4 Nf6 3. Nc3 d5 4. Bg5 e6 5. e3 Be7 6. Bxf6 Bxf6 7. Bd3 0-0 8. Ne2 c5 9. c3 Qb6 10. Qd2 Nc6 11. 0-0 e5 12. dxe5 Nxe5 13. Nxe5 Bxe5 14. a4 Be6 15. Nf4 Bxf4 16. exf4 g6 17. Rfe1 Rad8 18. Re5 c4 19. Bf1 d4 20. cxd4 Rxd4 21. Qe3 Bf7 22. Rb5 Qd6 23. Rxb7 a5 24. g3 Rd1 25. Rxd1 Qxd1 26. Qe2 Qxa4 27. Qe7 Qa1 28. Rc7 Qxb2 29. Bxc4 Qb1+ 30. Kg2 Qe4+ 31. Qxe4 fxe4 32. Rxf7 Rxf7 33. Kf1 Kg7 34. Bxf7 Kxf7 35. Ke2 Ke6 36. Kd2 Kf5 37. Kc3 Kg4 38. Kb3 Kf3 39. Ka4 Kxf2 40. g4 e3 41. f5 e2 42. f6 e1Q 43. f7 Qe7 44. f8Q+ Qxf8 0-1

[Event "Titled Tuesday intern op 24th Oct Late"]
[Site "Chess.com INT"]
[Date "2023.10.24"]
[Round "1"]
[White "Khater, Sherif"]
[Black "Wieczorek, Zbigniew"]
[Result "1-0"]
[WhiteElo "2012"]
[BlackElo "2107"]
[PlyCount "123"]
[EventDate "2023.10.24"]
[EventType "swiss (blitz)"]
[EventRounds "11"]
[EventCountry "USA"]
[SourceTitle "Mega2024 Update 01"]
[Source "Chessbase"]
[SourceDate "2023.11.12"]
[SourceVersion "1"]
[SourceVersionDate "2023.11.12"]
[SourceQuality "1"]

1. e4 c5 2. Nc3 e6 3. g3 d5 4. d3 dxe4 5. Nxe4 Nc6 6. Bg2 Nf6 7. Ne2 Nxe4 8. Bxe4 Bd7 9. 0-0 Be7 10. Nf4 g6 11. Bd2 Bf6 12. Bc3 Bxc3 13. bxc3 Qf6 14. Qd2 0-0 15. Rfe1 Rfd8 16. Rab1 b6 17. h4 Rac8 18. Nh3 Be8 19. Qh6 Qg7 20. Qxg7+ Kxg7 21. Bxc6 Bxc6 22. Nf4 Bd5 23. c4 Bc6 24. Rb3 Rc7 25. Rxe6 Ba4 26. Rc3 Rcd7 27. Re2 Bc6 28. Ra3 h6 29. Ng2 Kf8 30. Rb3 Re8 31. Rxe8+ Kxe8 32. Rb1 Ba4 33. Rc1 Re7 34. Ne3 Bc6 35. Kf1 Kd7 36. Re1 Kd6 37. Nd1 Rb7 38. Nc3 f5 39. a4 a6 40. Kg1 Re7 41. Rxe7 Kxe7 42. f4 Kd6 43. Kf2 Ke6 44. Ke3 Kd6 45. d4 cxd4+ 46. Kxd4 Bd7 47. h5 gxh5 48. Nd5 Bxa4 49. Nxb6 Bxc2 50. c5+ Kc6 51. Nd5 Be4 52. Nc3 Bc2 53. Nd5 a5 54. Ne7+ Kd7 55. Nd5 a4 56. c6+ Kc8 57. Kc5 a3 58. Kd6 a2 59. Ne7+ Kb8 60. c7+ Ka7 61. c8Q a1Q 62. Nc6+ 1-0

[Event "Titled Tuesday intern op 24th Oct Late"]
[Site "Chess.com INT"]
[Date "2023.10.24"]
[Round "3"]
[White "Wieczorek, Zbigniew"]
[Black "Fernandez, Maria Florencia"]
[Result "1-0"]
[WhiteElo "2107"]
[BlackElo "2099"]
[PlyCount "79"]
[EventDate "2023.10.24"]
[EventType "swiss (blitz)"]
[EventRounds "11"]
[EventCountry "USA"]
[SourceTitle "Mega2024 Update 01"]
[Source "Chessbase"]
[SourceDate "2023.11.12"]
[SourceVersion "1"]
[SourceVersionDate "2023.11.12"]
[SourceQuality "1"]

1. d4 Nf6 2. c4 g6 3. Nc3 Bg7 4. e4 d6 5. f3 0-0 6. Bg5 c5 7. d5 e6 8. Qd2 exd5 9. cxd5 Nbd7 10. Nh3 a6 11. a4 b6 12. Nf2 Rb8 13. Be2 Re8 14. 0-0 Nf8 15. Rab1 Qc7 16. Rfc1 Qa7 17. Be3 Bd7 18. b4 Qa8 19. Bf4 b5 20. axb5 axb5 21. Bxd6 c4 22. e5 Nh5 23. f4 Bh6 24. Bxh5 gxh5 25. Nfe4 Bg7 26. Ng3 h4 27. Nh5 Ng6 28. Nxg7 Kxg7 29. Qd4 Bf5 30. Ra1 Qb7 31. Ra7 Qb6 32. Bc5 Qd8 33. e6+ Kh6 34. Rxf7 Rg8 35. Rxf5 Qc7 36. d6 Qc6 37. Nd5 Rbe8 38. e7 Rg7 39. Qf6 Qd7 40. Qg5# 1-0

[Event "Titled Tuesday intern op 24th Oct Late"]
[Site "Chess.com INT"]
[Date "2023.10.24"]
[Round "2"]
[White "Wieczorek, Zbigniew"]
[Black "Haszon, David"]
[Result "0-1"]
[WhiteElo "2107"]
[BlackElo "2250"]
[PlyCount "78"]
[EventDate "2023.10.24"]
[EventType "swiss (blitz)"]
[EventRounds "11"]
[EventCountry "USA"]
[SourceTitle "Mega2024 Update 01"]
[Source "Chessbase"]
[SourceDate "2023.11.12"]
[SourceVersion "1"]
[SourceVersionDate "2023.11.12"]
[SourceQuality "1"]

1. d4 Nf6 2. c4 c5 3. d5 b5 4. cxb5 a6 5. b6 d6 6. Nc3 Nbd7 7. Nf3 g6 8. e4 Bg7 9. Be2 0-0 10. a4 Qxb6 11. a5 Qb4 12. Ra4 Qb7 13. 0-0 Ng4 14. Nd2 f5 15. h3 Ngf6 16. exf5 gxf5 17. Nc4 Ne4 18. Nxe4 fxe4 19. Bg4 Nf6 20. Bxc8 Raxc8 21. Nb6 Rb8 22. Bg5 Nd7 23. Nxd7 Qxd7 24. Rxe4 Rf7 25. Qe2 Qf5 26. Rg4 Rxb2 27. Qe6 h5 28. Rg3 Kf8 29. Rf3 Qxe6 30. dxe6 Rxf3 31. gxf3 c4 32. f4 c3 33. f5 Bd4 34. Kg2 Rb5 35. Bh6+ Kg8 36. Rd1 Bf6 37. Rd3 Rxf5 38. Rg3+ Kh7 39. Be3 Rxa5 0-1

[Event "Titled Tuesday intern op 12th Sep Early"]
[Site "Chess.com INT"]
[Date "2023.09.12"]
[Round "3"]
[White "Khamdamova, Afruza"]
[Black "Wieczorek, Zbigniew"]
[Result "1/2-1/2"]
[WhiteElo "2140"]
[BlackElo "2107"]
[PlyCount "170"]
[EventDate "2023.09.12"]
[EventType "swiss (blitz)"]
[EventRounds "11"]
[EventCountry "USA"]
[SourceTitle "EXT 2024"]
[Source "ChessBase"]
[SourceDate "2023.10.10"]
[SourceVersion "1"]
[SourceVersionDate "2023.10.10"]
[SourceQuality "1"]

1. e4 g6 2. d4 Bg7 3. Nc3 c6 4. Be3 d5 5. e5 f6 6. f4 Nh6 7. Nf3 Bg4 8. Be2 0-0 9. 0-0 Nd7 10. h3 Bxf3 11. Bxf3 Nf5 12. Bf2 fxe5 13. fxe5 e6 14. Qd3 c5 15. Rae1 cxd4 16. Bxd4 Nxd4 17. Qxd4 Qb6 18. Qxb6 axb6 19. Bg4 Rxf1+ 20. Kxf1 Re8 21. Nxd5 exd5 22. Bxd7 Rxe5 23. Rxe5 Bxe5 24. Be6+ Kg7 25. b3 d4 26. Bd5 h5 27. Bxb7 h4 28. Ke2 Kf6 29. Kd3 Ke6 30. Kc4 Kd6 31. Kb5 Kc7 32. Be4 g5 33. a4 Bf4 34. b4 Bd2 35. a5 bxa5 36. bxa5 Kb8 37. Kb6 Be3 38. Bd3 Bf4 39. a6 Bc7+ 40. Kc6 Bf4 41. Kc5 Be5 42. Kd5 Bg7 43. Ke4 Bf6 44. Kf5 Bd8 45. Ke5 Bb6 46. Be4 Ka7 47. Bb7 Bc5 48. Kf6 Bd6 49. Kxg5 Bg3 50. Kg4 Bf2 51. Kf3 Bg3 52. Ke4 Bf2 53. Kd3 Kb8 54. Kc4 Ka7 55. Kb5 Kb8 56. Be4 Ka7 57. Bd3 Be3 58. Kc5 Bf2 59. Kd5 Kb6 60. Ke4 Ka7 61. Kf3 Bg3 62. Kg4 Bf2 63. Kf4 Bg3+ 64. Kf3 Kb6 65. Ke2 Ka7 66. Bc4 Kb6 67. Kf3 Ka7 68. Ke4 Bf2 69. Kf3 Bg3 70. Be2 Kb6 71. Bd3 Ka7 72. Ke4 Bf2 73. Kd5 Kb6 74. Kd6 Ka7 75. Kc7 Bg3+ 76. Kc6 Bf2 77. Kb5 Bg3 78. Kc5 Bf2 79. Kc4 Be3 80. Kd5 Bf2 81. Ke4 Kb6 82. Bc4 Ka7 83. Kd3 Kb6 84. Ke2 Bg3 85. Kf3 Ka7 1/2-1/2

[Event "Titled Tuesday intern op 12th Sep Early"]
[Site "Chess.com INT"]
[Date "2023.09.12"]
[Round "4"]
[White "Wieczorek, Zbigniew"]
[Black "Niemann, Hans Moke"]
[Result "0-1"]
[WhiteElo "2107"]
[BlackElo "2667"]
[PlyCount "90"]
[EventDate "2023.09.12"]
[EventType "swiss (blitz)"]
[EventRounds "11"]
[EventCountry "USA"]
[SourceTitle "EXT 2024"]
[Source "ChessBase"]
[SourceDate "2023.10.10"]
[SourceVersion "1"]
[SourceVersionDate "2023.10.10"]
[SourceQuality "1"]

1. e4 c5 2. Nf3 Nc6 3. Bb5 g6 4. Bxc6 bxc6 5. d3 Bg7 6. Nc3 d6 7. e5 dxe5 8. 0-0 f6 9. Be3 c4 10. dxc4 Qxd1 11. Rfxd1 Nh6 12. Bc5 Nf7 13. h3 f5 14. Na4 g5 15. Re1 h5 16. h4 g4 17. Ng5 Nxg5 18. hxg5 h4 19. Bb4 e4 20. Bc3 Bxc3 21. Nxc3 Rg8 22. Ne2 Rxg5 23. Nd4 Bd7 24. Nb3 Be6 25. Na5 c5 26. b3 h3 27. g3 Rc8 28. Kh2 Kd7 29. a3 Kc7 30. b4 Rgg8 31. bxc5 Rgd8 32. Red1 Rxd1 33. Rxd1 Rb8 34. Rd2 Rb2 35. c6 Ra2 36. Nb3 Bxc4 37. Nd4 e6 38. a4 Rxa4 39. c3 Ra2 40. Rxa2 Bxa2 41. Nb5+ Kxc6 42. Nxa7+ Kc5 43. Nc8 e5 44. Ne7 f4 45. Ng6 e3 0-1

[Event "Titled Tuesday intern op 29th Aug Early"]
[Site "Chess.com INT"]
[Date "2023.08.29"]
[Round "4"]
[White "Wieczorek, Zbigniew"]
[Black "Liu, Casper Yukun"]
[Result "0-1"]
[WhiteElo "2150"]
[BlackElo "2278"]
[PlyCount "68"]
[EventDate "2023.08.29"]
[EventType "swiss (blitz)"]
[EventRounds "11"]
[EventCountry "USA"]
[SourceTitle "EXT 2024"]
[Source "ChessBase"]
[SourceDate "2023.10.10"]
[SourceVersion "1"]
[SourceVersionDate "2023.10.10"]
[SourceQuality "1"]

1. e4 c5 2. Nf3 d6 3. Bb5+ Bd7 4. c4 g5 5. h3 Nf6 6. Nc3 a6 7. Bxd7+ Qxd7 8. d3 Rg8 9. g4 h6 10. b4 cxb4 11. Na4 Qc6 12. Be3 Nbd7 13. Nd4 Qc7 14. Rc1 Nc5 15. Rb1 Nfd7 16. Rxb4 Qa5 17. a3 Ne5 18. Nxc5 dxc5 19. Nb3 Qxa3 20. Bxc5 e6 21. Bxf8 Rxf8 22. Rxb7 0-0-0 23. Qb1 Kxb7 24. Na5+ Kc7 25. Qb7+ Kd6 26. c5+ Qxc5 27. Qxa6+ Ke7 28. 0-0 Rxd3 29. Rb1 Rg3+ 30. Kf1 Rxh3 31. Qb7+ Kf6 32. Qb2 Rh1+ 33. Kg2 Rxb1 34. Qxb1 Qxa5 0-1

[Event "Titled Tuesday intern op 22nd Aug Late"]
[Site "Chess.com INT"]
[Date "2023.08.22"]
[Round "2"]
[White "Janaszak, Dawid"]
[Black "Wieczorek, Zbigniew"]
[Result "0-1"]
[WhiteElo "2302"]
[BlackElo "2150"]
[PlyCount "60"]
[EventDate "2023.08.22"]
[EventType "swiss (blitz)"]
[EventRounds "11"]
[EventCountry "USA"]
[SourceTitle "EXT 2024"]
[Source "ChessBase"]
[SourceDate "2023.10.10"]
[SourceVersion "1"]
[SourceVersionDate "2023.10.10"]
[SourceQuality "1"]

1. e4 g6 2. Nc3 Bg7 3. Bc4 c6 4. d4 d5 5. exd5 b5 6. Bb3 b4 7. Na4 cxd5 8. Nf3 Nf6 9. 0-0 Bg4 10. h3 Bxf3 11. Qxf3 Nc6 12. c3 0-0 13. Re1 e6 14. Bf4 Ne4 15. Rac1 bxc3 16. bxc3 Rc8 17. Qd3 Qh4 18. Be3 f5 19. f3 f4 20. fxe4 fxe3 21. exd5 Rf2 22. Qxe3 Rcf8 23. dxc6 Bh6 24. Qxe6+ Kh8 25. Qe5+ Bg7 26. Qh2 Bh6 27. Rcd1 Bf4 28. Qh1 Qg3 29. Nc5 Rf1+ 30. Rxf1 Be3+ 0-1

[Event "Polanica Zdroj op 59th"]
[Site "Polanica Zdroj"]
[Date "2023.08.22"]
[Round "4"]
[White "Murawski, Jan"]
[Black "Wieczorek, Zbigniew"]
[Result "1-0"]
[WhiteElo "1958"]
[BlackElo "2150"]
[PlyCount "66"]
[EventDate "2023.08.19"]
[EventType "swiss"]
[EventRounds "9"]
[EventCountry "POL"]
[SourceTitle "CBM 215 Extra"]
[Source "ChessBase"]
[SourceDate "2023.09.30"]
[SourceVersion "1"]
[SourceVersionDate "2023.09.30"]
[SourceQuality "1"]

1. d4 d6 2. e4 g6 3. c4 Bg7 4. Nc3 Nc6 5. Be3 e5 6. d5 Nd4 7. Nge2 Bg4 8. f3 Nxe2 9. Bxe2 Bd7 10. 0-0 Bh6 11. Qd2 Qh4 12. f4 Qe7 13. Rf2 f6 14. Raf1 exf4 15. Bxf4 Bxf4 16. Qxf4 0-0-0 17. b4 Kb8 18. Rc1 f5 19. exf5 Bxf5 20. Bg4 Nh6 21. Qxh6 Bxg4 22. Qd2 Rde8 23. Qf4 Rhf8 24. Qd2 Rxf2 25. Qxf2 a6 26. h3 Bf5 27. b5 Qe3 28. Qxe3 Rxe3 29. Kf2 Rd3 30. bxa6 bxa6 31. Ke2 Rg3 32. Kf2 Rd3 33. Ke2 Rg3 1-0

[Event "Titled Tuesday intern op 22nd Aug Late"]
[Site "Chess.com INT"]
[Date "2023.08.22"]
[Round "8"]
[White "Wieczorek, Zbigniew"]
[Black "Rees, Ioan"]
[Result "0-1"]
[WhiteElo "2150"]
[BlackElo "2289"]
[PlyCount "96"]
[EventDate "2023.08.22"]
[EventType "swiss (blitz)"]
[EventRounds "11"]
[EventCountry "USA"]
[SourceTitle "EXT 2024"]
[Source "ChessBase"]
[SourceDate "2023.10.10"]
[SourceVersion "1"]
[SourceVersionDate "2023.10.10"]
[SourceQuality "1"]

1. g3 e5 2. Bg2 d5 3. c3 Nf6 4. d4 e4 5. Bg5 Nbd7 6. Nd2 h6 7. Bxf6 Nxf6 8. e3 Bd6 9. c4 c6 10. Ne2 0-0 11. cxd5 cxd5 12. Nc3 Be6 13. Qb3 Qd7 14. 0-0 a6 15. Na4 Qb5 16. Rfc1 Rac8 17. Bf1 Qxb3 18. Nxb3 Rxc1 19. Rxc1 Rc8 20. Rxc8+ Bxc8 21. Nb6 Be6 22. Nc5 Bxc5 23. dxc5 Nd7 24. b4 Nxb6 25. cxb6 d4 26. exd4 Bxa2 27. Bxa6 Bd5 28. Bb5 Kf8 29. Kf1 Ke7 30. Ke2 Kd6 31. Ke3 g5 32. g4 Be6 33. h3 f5 34. Be2 Kc6 35. gxf5 Bxf5 36. Bg4 Bg6 37. Be6 Kxb6 38. d5 Kc7 39. Kd4 Kd6 40. Bg4 h5 41. Bd1 g4 42. h4 b6 43. Bc2 e3 44. Bd1 exf2 45. Be2 g3 46. Bf1 Bf7 47. Ke3 Bxd5 48. Kf4 g2 0-1

[Event "Titled Tuesday intern op 22nd Aug Late"]
[Site "Chess.com INT"]
[Date "2023.08.22"]
[Round "3"]
[White "Wieczorek, Zbigniew"]
[Black "Skatchkov, Valery"]
[Result "0-1"]
[WhiteElo "2150"]
[BlackElo "2242"]
[PlyCount "88"]
[EventDate "2023.08.22"]
[EventType "swiss (blitz)"]
[EventRounds "11"]
[EventCountry "USA"]
[SourceTitle "EXT 2024"]
[Source "ChessBase"]
[SourceDate "2023.10.10"]
[SourceVersion "1"]
[SourceVersionDate "2023.10.10"]
[SourceQuality "1"]

1. g3 d5 2. Bg2 e5 3. c3 Bd6 4. d4 e4 5. f3 f5 6. Nh3 Nf6 7. Bg5 0-0 8. 0-0 c6 9. Nd2 Be6 10. e3 Nbd7 11. Nf4 Bf7 12. fxe4 fxe4 13. c4 h6 14. Bxf6 Nxf6 15. cxd5 cxd5 16. Bh3 Qe8 17. Qb3 g5 18. Ne2 Qe7 19. Bf5 Be6 20. Nc3 a6 21. Rae1 Ra7 22. Rf2 Bf7 23. Ref1 Kg7 24. Bh3 Bg8 25. Bf5 b5 26. a3 Rc7 27. Ndb1 Qe8 28. Kg2 Qc6 29. Na2 Qc4 30. Qxc4 bxc4 31. Nac3 Rb8 32. Rc1 Rcb7 33. Rcc2 Be7 34. Nd1 Bf7 35. Nbc3 Ne8 36. h3 Nd6 37. g4 Rb3 38. Kf1 h5 39. Ke1 hxg4 40. Bxg4 Bg6 41. Kd2 Bf7 42. Kc1 Rf8 43. Ne2 Nb5 44. Ndc3 Bg8 0-1

[Event "Polanica Zdroj op 59th"]
[Site "Polanica Zdroj"]
[Date "2023.08.20"]
[Round "2"]
[White "Zabron, Maksym"]
[Black "Wieczorek, Zbigniew"]
[Result "0-1"]
[WhiteElo "1996"]
[BlackElo "2150"]
[PlyCount "70"]
[EventDate "2023.08.19"]
[EventType "swiss"]
[EventRounds "9"]
[EventCountry "POL"]
[SourceTitle "CBM 215 Extra"]
[Source "ChessBase"]
[SourceDate "2023.09.30"]
[SourceVersion "1"]
[SourceVersionDate "2023.09.30"]
[SourceQuality "1"]

1. e4 g6 2. d4 Bg7 3. c4 d6 4. Nc3 Nf6 5. Nf3 0-0 6. Be2 Nbd7 7. 0-0 e5 8. Be3 Ng4 9. Bg5 f6 10. Bh4 Nh6 11. c5 g5 12. Bg3 g4 13. Nh4 exd4 14. Qxd4 Nxc5 15. Nf5 Bxf5 16. exf5 Kh8 17. Bxg4 Qd7 18. b4 Na4 19. Nd5 c6 20. b5 cxd5 21. Qxa4 a6 22. h3 axb5 23. Qb3 Nxg4 24. hxg4 Ra4 25. Rfb1 Rc4 26. Rd1 Qc6 27. Qd3 Re8 28. f3 d4 29. Bf2 Bh6 30. Re1 Be3 31. Bxe3 dxe3 32. Rxe3 Qb6 33. Rae1 Rc1 34. Rxc1 Rxe3 35. Rc8+ Re8+ 0-1

[Event "Titled Tuesday intern op 13th Jun Early"]
[Site "Chess.com INT"]
[Date "2023.06.13"]
[Round "1"]
[White "Wieczorek, Zbigniew"]
[Black "Koellner, Ruben Gideon"]
[Result "1-0"]
[WhiteElo "2150"]
[BlackElo "2429"]
[PlyCount "73"]
[EventDate "2023.06.13"]
[EventType "swiss (blitz)"]
[EventRounds "11"]
[EventCountry "USA"]
[SourceTitle "EXT 2024"]
[Source "ChessBase"]
[SourceDate "2023.10.10"]
[SourceVersion "1"]
[SourceVersionDate "2023.10.10"]
[SourceQuality "1"]

1. Nf3 d6 2. c4 e5 3. Nc3 Nf6 4. g3 Be7 5. d3 0-0 6. Bg2 c6 7. 0-0 Be6 8. Rb1 Nbd7 9. Ng5 Bf5 10. e4 Bg6 11. f4 h6 12. Nf3 Qb6+ 13. Kh1 a5 14. f5 Bh5 15. h3 Bxf3 16. Bxf3 Rfd8 17. Qe2 Qc7 18. h4 Rab8 19. Be3 b5 20. b3 b4 21. Na4 Nc5 22. Nxc5 dxc5 23. Rg1 Nh7 24. Rbd1 Rd7 25. Qf2 Qd8 26. Be2 Qf8 27. g4 f6 28. Rg2 a4 29. Rdg1 axb3 30. axb3 Ra8 31. g5 fxg5 32. hxg5 Nxg5 33. Bxg5 Bxg5 34. Rxg5 hxg5 35. Rxg5 Rd6 36. Qh2 Ra1+ 37. Kg2 1-0

[Event "Titled Tuesday intern op 16th May Late"]
[Site "Chess.com INT"]
[Date "2023.05.16"]
[Round "9"]
[White "Domingo Nunez, Ruben"]
[Black "Wieczorek, Zbigniew"]
[Result "1-0"]
[WhiteElo "2416"]
[BlackElo "2150"]
[PlyCount "65"]
[EventDate "2023.05.16"]
[EventType "swiss (blitz)"]
[EventRounds "11"]
[EventCountry "USA"]
[SourceTitle "CBM 214 Extra"]
[Source "ChessBase"]
[SourceDate "2023.07.31"]
[SourceVersion "1"]
[SourceVersionDate "2023.07.31"]
[SourceQuality "1"]

1. c4 Nf6 2. Nf3 g6 3. Nc3 Bg7 4. g3 d6 5. Bg2 0-0 6. d4 Nbd7 7. 0-0 e5 8. dxe5 dxe5 9. Qc2 c6 10. b3 Re8 11. Bb2 Nc5 12. Rad1 Qb6 13. Ba3 Bf5 14. Qc1 a5 15. Qe3 Ncd7 16. c5 Qc7 17. Na4 Nd5 18. Qc1 Be4 19. Bh3 Bxf3 20. exf3 f5 21. Rfe1 Nf8 22. Bf1 Kh8 23. Bc4 Rad8 24. Rd3 Ne6 25. Qd1 Nd4 26. f4 Nxf4 27. gxf4 e4 28. Rde3 Nf3+ 29. Qxf3 exf3 30. Rxe8+ Rxe8 31. Rxe8+ Bf8 32. Rxf8+ Kg7 33. Rf7+ 1-0

[Event "Titled Tuesday intern op 02nd May Late"]
[Site "Chess.com INT"]
[Date "2023.05.02"]
[Round "5"]
[White "Tatarinov, Dmitry"]
[Black "Wieczorek, Zbigniew"]
[Result "1-0"]
[WhiteElo "2310"]
[BlackElo "2150"]
[PlyCount "51"]
[EventDate "2023.05.02"]
[EventType "swiss (blitz)"]
[EventRounds "11"]
[EventCountry "USA"]
[SourceTitle "EXT 2024"]
[Source "ChessBase"]
[SourceDate "2023.10.10"]
[SourceVersion "1"]
[SourceVersionDate "2023.10.10"]
[SourceQuality "1"]

1. Nf3 d5 2. c4 e6 3. g3 Nf6 4. Bg2 Be7 5. 0-0 0-0 6. d4 Ne4 7. Nbd2 f5 8. Ne5 c6 9. Ndf3 Nd7 10. b3 Nxe5 11. Nxe5 Bd7 12. Qc2 Be8 13. a4 a5 14. Ba3 Bb4 15. Bxb4 axb4 16. c5 Nf6 17. Qd2 Qa5 18. Nd3 b6 19. cxb6 Rb8 20. Qxb4 Qxb4 21. Nxb4 Rxb6 22. Nd3 Nd7 23. b4 Kf7 24. a5 Rb5 25. Rfc1 Nb8 26. a6 1-0

[Event "Titled Tuesday intern op 03rd Jan Early"]
[Site "Chess.com INT"]
[Date "2023.01.03"]
[Round "2"]
[White "Gavilan Diaz, Mario"]
[Black "Wieczorek, Zbigniew"]
[Result "1-0"]
[WhiteElo "2271"]
[BlackElo "2155"]
[PlyCount "27"]
[EventDate "2023.01.03"]
[EventType "swiss (blitz)"]
[EventRounds "11"]
[EventCountry "USA"]
[SourceTitle "EXT 2024"]
[Source "ChessBase"]
[SourceDate "2023.10.10"]
[SourceVersion "1"]
[SourceVersionDate "2023.10.10"]
[SourceQuality "1"]

1. d4 Nf6 2. c4 e6 3. Nc3 Bb4 4. Qc2 d5 5. a3 Bxc3+ 6. Qxc3 0-0 7. Bg5 dxc4 8. Qxc4 Nc6 9. Nf3 Qd5 10. e3 Na5 11. Qc2 Ne4 12. Bf4 Nb3 13. Rd1 Qb5 14. Bxb5 1-0

[Event "Titled Tuesday intern op 03rd Jan Early"]
[Site "Chess.com INT"]
[Date "2023.01.03"]
[Round "3"]
[White "Wieczorek, Zbigniew"]
[Black "Quinonez Garcia, Santiago"]
[Result "0-1"]
[WhiteElo "2155"]
[BlackElo "2248"]
[PlyCount "128"]
[EventDate "2023.01.03"]
[EventType "swiss (blitz)"]
[EventRounds "11"]
[EventCountry "USA"]
[SourceTitle "EXT 2024"]
[Source "ChessBase"]
[SourceDate "2023.10.10"]
[SourceVersion "1"]
[SourceVersionDate "2023.10.10"]
[SourceQuality "1"]

1. Nf3 d5 2. g3 c6 3. Bg2 Nf6 4. d3 Bg4 5. 0-0 Nbd7 6. c4 e6 7. Qb3 Nc5 8. Qc2 Bd6 9. Be3 Ncd7 10. Nc3 0-0 11. Rac1 e5 12. cxd5 cxd5 13. Nb5 Bb8 14. Nc7 Bxc7 15. Qxc7 d4 16. Bg5 h6 17. Bxf6 Qxf6 18. h3 Be6 19. Nd2 Rab8 20. Kh2 b6 21. Qxa7 h5 22. Rc7 Rfd8 23. Ne4 Qg6 24. Nd6 h4 25. Rfc1 Qf6 26. Ne4 Qh6 27. gxh4 Qf4+ 28. Ng3 Qxf2 29. Rf1 Qe3 30. Nf5 Qxe2 31. Ne7+ Kh8 32. Nc6 Ra8 33. Qb7 Rf8 34. Rxd7 Bxd7 35. Qxd7 Rxa2 36. Qf5 Rxb2 37. Rg1 g6 38. Qf6+ Kh7 39. Nxe5 Qf2 40. Qg5 Re8 41. Ng4 Qxg1+ 42. Kxg1 Ree2 43. Nf6+ Kg7 44. Ne4 Rb1+ 45. Kh2 Rbb2 46. Qf6+ Kg8 47. Qg5 Kg7 48. h5 b5 49. h6+ Kh7 50. Qf4 f5 51. Qg5 b4 52. Nf6+ Kh8 53. Qxg6 Rxg2+ 54. Qxg2 Rxg2+ 55. Kxg2 b3 56. Kf3 b2 57. Kf4 b1Q 58. Kxf5 Qxd3+ 59. Kg5 Qxh3 60. Kg6 Qg3+ 61. Kf7 d3 62. Ne4 Qf4+ 63. Nf6 d2 64. Kg6 d1Q 0-1

[Event "Titled Tuesday intern op 27th Dec Late"]
[Site "Chess.com INT"]
[Date "2022.12.27"]
[Round "3"]
[White "Wieczorek, Zbigniew"]
[Black "Cappai, Davide"]
[Result "1/2-1/2"]
[WhiteElo "2155"]
[BlackElo "2140"]
[PlyCount "89"]
[EventDate "2022.12.27"]
[EventType "swiss (blitz)"]
[EventRounds "11"]
[EventCountry "USA"]
[SourceTitle "EXT 2024"]
[Source "ChessBase"]
[SourceDate "2023.10.10"]
[SourceVersion "1"]
[SourceVersionDate "2023.10.10"]
[SourceQuality "1"]

1. Nf3 c5 2. e4 Nc6 3. Bb5 g6 4. Bxc6 dxc6 5. d3 Bg7 6. Nc3 e5 7. Be3 b6 8. a4 a5 9. Nd2 Be6 10. 0-0 Ne7 11. Qe2 Qc7 12. f4 exf4 13. Bxf4 Be5 14. Bxe5 Qxe5 15. Nf3 Qc7 16. e5 0-0-0 17. Ne4 Nf5 18. c3 Kb8 19. Rab1 Ba2 20. b4 Bxb1 21. Rxb1 cxb4 22. cxb4 axb4 23. Rxb4 Rd5 24. Qb2 Kb7 25. h3 Rhd8 26. d4 Ka7 27. Nc3 Nxd4 28. Nxd5 Nxf3+ 29. gxf3 Rxd5 30. Re4 Qd8 31. Re2 Qg5+ 32. Kh2 Qf4+ 33. Kg2 f6 34. a5 b5 35. Qa3 Rxe5 36. Rxe5 Qxe5 37. Qf8 Qe2+ 38. Kg3 Qe1+ 39. Kg2 Qd2+ 40. Kg3 Qg5+ 41. Kf2 Qh4+ 42. Kg2 Qg5+ 43. Kf2 Qd2+ 44. Kg3 Qg5+ 45. Kf2 1/2-1/2

[Event "Titled Tuesday intern op 06th Dec Early"]
[Site "Chess.com INT"]
[Date "2022.12.06"]
[Round "3"]
[White "Szyszylo, Rafal"]
[Black "Wieczorek, Zbigniew"]
[Result "0-1"]
[WhiteElo "2087"]
[BlackElo "2155"]
[PlyCount "96"]
[EventDate "2022.12.06"]
[EventType "swiss (blitz)"]
[EventRounds "11"]
[EventCountry "USA"]
[SourceTitle "CBM 211 Extra"]
[Source "ChessBase"]
[SourceDate "2023.01.31"]
[SourceVersion "1"]
[SourceVersionDate "2023.01.31"]
[SourceQuality "1"]

1. e4 g6 2. d4 Bg7 3. Nc3 c6 4. Nf3 d5 5. h3 dxe4 6. Nxe4 Bf5 7. Ng3 Be6 8. c4 Nf6 9. Be2 0-0 10. 0-0 Qc7 11. Re1 Rd8 12. Be3 Nbd7 13. Ng5 Nf8 14. Nxe6 Nxe6 15. Qd2 Nxd4 16. Bxd4 c5 17. Bf3 Rxd4 18. Qe2 e6 19. b3 Rad8 20. Rad1 b6 21. Rxd4 Rxd4 22. Rd1 Qd6 23. Rxd4 Qxd4 24. Kh2 h5 25. Ne4 Nd7 26. g3 h4 27. Kg2 hxg3 28. fxg3 Ne5 29. Ng5 Nd3 30. h4 Bf6 31. Ne4 Be5 32. Ng5 Bxg3 33. Kxg3 Qd6+ 34. Kg4 f5+ 35. Kh3 Nf4+ 36. Kg3 Nxe2+ 37. Kf2 Nd4 38. Be2 Qh2+ 39. Ke3 Qxe2+ 40. Kf4 e5+ 41. Kg3 f4+ 42. Kh3 Qe3+ 43. Kh2 Qg3+ 44. Kh1 Qxh4+ 45. Nh3 Qxh3+ 46. Kg1 Qg3+ 47. Kh1 f3 48. b4 Qg2# 0-1

[Event "Titled Tuesday intern op 06th Dec Early"]
[Site "Chess.com INT"]
[Date "2022.12.06"]
[Round "2"]
[White "Wieczorek, Zbigniew"]
[Black "Fecker, Noah"]
[Result "0-1"]
[WhiteElo "2155"]
[BlackElo "2407"]
[PlyCount "68"]
[EventDate "2022.12.06"]
[EventType "swiss (blitz)"]
[EventRounds "11"]
[EventCountry "USA"]
[SourceTitle "CBM 211 Extra"]
[Source "ChessBase"]
[SourceDate "2023.01.31"]
[SourceVersion "1"]
[SourceVersionDate "2023.01.31"]
[SourceQuality "1"]

1. Nf3 g6 2. c4 Bg7 3. Nc3 e5 4. d3 f5 5. g3 Nf6 6. Bg2 0-0 7. 0-0 d6 8. Rb1 a5 9. a3 Nc6 10. Bg5 h6 11. Bxf6 Qxf6 12. b4 axb4 13. axb4 Bd7 14. b5 Ne7 15. Nd2 Rab8 16. Qb3 Kh7 17. Qb4 e4 18. Rbc1 c5 19. Qb3 exd3 20. exd3 g5 21. Rfe1 Ng6 22. Nd5 Qf7 23. Qc2 Rbe8 24. Nc7 Rxe1+ 25. Rxe1 f4 26. Ne4 f3 27. Bf1 Be5 28. Nd5 Be6 29. d4 Bxd4 30. Nxd6 Qd7 31. Bd3 Bxd5 32. Bxg6+ Kh8 33. Nf5 Bg8 34. Nxh6 Qh3 0-1